[Event "4NCL Online Division 6"]
[Site "online"]
[Date "2021.02.09"]
[EventDate "2021.02.09"]
[Round "2.163"]
[White "Hillman, Graham"]
[WhiteElo "1662"]
[WhiteTeam "Wessex Some Stars E"]
[Black "Agrawal, Shivam"]
[BlackElo "1836"]
[BlackTeam "Battersea Juniors"]
[Result "0-1"]
[PlyCount "-1"]

1. d4 d5 2. Nc3 Nf6 3. Bg5 Bf5 4. Qd2 e6 5. a3 c5 6. Nf3 Nc6 7. e3 Be7 8. dxc5 Bxc5 9. b4 Be7 10. Bd3 Ne4 11. Bxe4 dxe4 12. Bxe7 Qxe7 13. Nd4 Nxd4 14. exd4 O-O 15. O-O Rfd8 16. Qe3 Rac8 17. Nxe4 Rxc2 18. Rfc1 Rdc8 19. Rxc2 Rxc2 20. Qf4 Bxe4 21. Qxe4 Qc7 22. Re1 Rc1 23. g3 g6 24. Rxc1 Qxc1+ 25. Kg2 Qc7 26. h3 h5 27. Qd3 Qc6+ 28. Qf3 Qd7 29. Qf4 Qd5+ 30. Kh2 a6 31. a4 Qc6 32. a5 Kg7 33. Qb8 Qf3 34. Qe5+ Kf8 35. Qb8+ Ke7 36. Qc7+ Kf6 37. Qe5+ Ke7 38. Qc5+ Kd7 39. Kg1 h4 40. gxh4 Qxh3 41. Qg5 Qf3 42. b5 Qd1+ 43. Kg2 Qxd4 44. b6 Qd5+ 45. Qxd5+ exd5 46. Kf3 Kc6 47. Kf4 Kb5 48. Ke5 Kxa5 49. Kxd5 Kxb6 50. f4 a5 51. Kc4 Kc6 52. Kb3 b5 0-1

[Event "4NCL Online Division 6"]
[Site "online"]
[Date "2021.02.09"]
[EventDate "2021.02.09"]
[Round "2.164"]
[White "Steiners, Emils"]
[WhiteElo "1613"]
[WhiteTeam "Battersea Juniors"]
[Black "Smith, Steven J"]
[BlackElo "1658"]
[BlackTeam "Wessex Some Stars E"]
[Result "1-0"]
[PlyCount "93"]

1. d4 Nf6 2. c4 g6 3. Nc3 d5 4. cxd5 Nxd5 5. Bd2 Bg7 6. e4 Nxc3 7. Bxc3 O-O 8. Nf3 c5 9. d5 Bxc3+ 10. bxc3 Qa5 11. Qc2 Nd7 12. Be2 b5 13. O-O Ba6 14. Rfb1 Rab8 15. a3 Rfc8 16. Nd2 Ne5 17. f4 Nc4 18. a4 b4 19. Nxc4 Bxc4 20. Bxc4 bxc3 21. Rxb8 Rxb8 22. Ra3 Rb2 23. Qxc3 Qxc3 24. Rxc3 Rb4 25. Bd3 Rxa4 26. Rxc5 Rd4 27. Rc3 a5 28. Kf2 a4 29. Ke3 Rb4 30. Rc4 Rb2 31. Rc2 Rb4 32. Ra2 Kg7 33. Bc2 h6 34. Rxa4 Rb2 35. Rc4 g5 36. g3 gxf4+ 37. gxf4 Ra2 38. Rc3 Ra1 39. Bd3 Rh1 40. Rc2 Ra1 41. Rg2+ Kh8 42. e5 Re1+ 43. Kd4 Rh1 44. d6 exd6 45. exd6 Ra1 46. d7 Ra8 47. Re2 1-0

[Event "4NCL Online Division 6"]
[Site "online"]
[Date "2021.02.23"]
[EventDate "2021.02.23"]
[Round "3.11"]
[White "Buswell, A Mark"]
[WhiteElo "1783"]
[WhiteTeam "Hertford 2"]
[Black "MacLeod, Alasdair"]
[BlackElo "1818"]
[BlackTeam "Deaf England"]
[Result "1/2-1/2"]
[PlyCount "103"]

1. e4 c5 2. Nc3 e6 3. f4 a6 4. Nf3 d5 5. exd5 exd5 6. d4 Nf6 7. Qe2+ Qe7 8. Qxe7+ Bxe7 9. dxc5 Bxc5 10. Na4 Ba7 11. Bd2 b5 12. Nc3 O-O 13. O-O-O Bb7 14. h3 d4 15. Nb1 Bxf3 16. gxf3 Nc6 17. Bd3 Rfe8 18. Rde1 Bc5 19. Rxe8+ Rxe8 20. a4 Rb8 21. axb5 axb5 22. c3 b4 23. cxb4 Nxb4 24. Bc4 Kf8 25. Re1 Re8 26. Na3 Rxe1+ 27. Bxe1 Nfd5 28. Bxb4 Nxb4 29. Nc2 Nc6 30. Kd2 Ke7 31. Kd3 f6 32. Bb5 Na7 33. Bc4 Nc6 34. Bd5 Nd8 35. Nxd4 Kd6 36. Be4 g6 37. f5 g5 38. Kc4 Bb6 39. b4 Nf7 40. Nc6 Ne5+ 41. Nxe5 Kxe5 42. Kb5 Be3 43. Kc6 h5 44. Kd7 g4 45. fxg4 hxg4 46. Bg2 Kxf5 47. hxg4+ Kxg4 48. b5 f5 49. Kc6 f4 50. b6 Bxb6 51. Kxb6 f3 52. Bxf3+ 1/2-1/2

[Event "4NCL Online Division 6"]
[Site "online"]
[Date "2021.02.23"]
[EventDate "2021.02.23"]
[Round "3.12"]
[White "Dwek, Ilan G"]
[WhiteElo "1665"]
[WhiteTeam "Deaf England"]
[Black "Du Boulay, Andrew"]
[BlackElo "1761"]
[BlackTeam "Hertford 2"]
[Result "1/2-1/2"]
[PlyCount "59"]

1. e4 c6 2. d4 d5 3. exd5 cxd5 4. Bd3 Nc6 5. c3 Nf6 6. Bf4 Bg4 7. Nf3 e6 8. Nbd2 Bd6 9. Bxd6 Qxd6 10. Qc2 Rc8 11. a3 O-O 12. O-O a6 13. Rae1 Rfe8 14. Qb1 Bh5 15. Ne5 Bg6 16. f4 Bxd3 17. Qxd3 Nd7 18. Ndf3 f6 19. Nxd7 Qxd7 20. g3 Re7 21. Re2 Rce8 22. Rfe1 Qc7 23. Kg2 Qd6 24. Kf2 e5 25. dxe5 fxe5 26. Nxe5 Nxe5 27. Rxe5 Rxe5 28. Rxe5 Rxe5 29. fxe5 Qxe5 30. Qe3 1/2-1/2

[Event "4NCL Online Division 6"]
[Site "online"]
[Date "2021.02.23"]
[EventDate "2021.02.23"]
[Round "3.13"]
[White "Tuveri, Aaron"]
[WhiteElo "1713"]
[WhiteTeam "Hertford 2"]
[Black "Hunter, Gary"]
[BlackElo "1498"]
[BlackTeam "Deaf England"]
[Result "1-0"]
[PlyCount "65"]

1. c4 e6 2. Nc3 d5 3. cxd5 exd5 4. d4 Nf6 5. Bg5 Be6 6. Qb3 b6 7. Nf3 Be7 8. e3 O-O 9. Bd3 Nbd7 10. O-O c5 11. Qc2 Rc8 12. Ba6 Rc6 13. Qa4 Qa8 14. Ne5 b5 15. Bxb5 Rc7 16. Nxd7 Bxd7 17. Bxd7 cxd4 18. Bxf6 Bxf6 19. exd4 Qb7 20. Bb5 Ra8 21. Rfe1 a6 22. Bxa6 Qb8 23. Nxd5 Rca7 24. Nxf6+ gxf6 25. Qd1 Rxa6 26. Qe2 Qf4 27. Qe4 Qd2 28. Re2 Qb4 29. a3 Qc4 30. Rae1 Ra5 31. Re3 Rh5 32. Rg3+ Rg5 33. Qxa8+ 1-0

[Event "4NCL Online Division 6"]
[Site "online"]
[Date "2021.02.23"]
[EventDate "2021.02.23"]
[Round "3.14"]
[White "Masterson, Desmond"]
[WhiteElo "1002"]
[WhiteTeam "Deaf England"]
[Black "Judkins, Brian D"]
[BlackElo "1727"]
[BlackTeam "Hertford 2"]
[Result "0-1"]
[PlyCount "50"]

1. e4 e5 2. Nf3 Nf6 3. Nc3 Nc6 4. a3 d5 5. exd5 Nxd5 6. Nxd5 Qxd5 7. Be2 Bc5 8. c3 e4 9. d4 Be7 10. Nd2 O-O 11. Bc4 Qg5 12. g3 Qg6 13. Nb3 Bg4 14. Qc2 Rae8 15. Be3 Bd6 16. O-O Be6 17. Bxe6 Qxe6 18. Nc5 Bxc5 19. dxc5 f5 20. Rae1 Ne5 21. Re2 Nf3+ 22. Kg2 f4 23. Bxf4 Rxf4 24. gxf4 Qg4+ 25. Kh1 Qh3 0-1

[Event "4NCL Online Division 6"]
[Site "online"]
[Date "2021.02.23"]
[EventDate "2021.02.23"]
[Round "3.21"]
[White "Wilby, Robert G"]
[WhiteElo "1647"]
[WhiteTeam "Plymouth 2"]
[Black "Shen, Alex"]
[BlackElo "1676"]
[BlackTeam "MCS Oxford B"]
[Result "1-0"]
[PlyCount "115"]

1. d4 Nf6 2. e3 d5 3. Bd3 g6 4. f4 Bg7 5. Nf3 c5 6. c3 c4 7. Bc2 Nc6 8. Nbd2 O-O 9. O-O Qc7 10. Ne5 Nxe5 11. fxe5 Nd7 12. Qf3 b6 13. Qxd5 Bb7 14. Qxc4 Qd8 15. Qe2 e6 16. Ne4 Bxe4 17. Bxe4 Rc8 18. Bd2 Qg5 19. Rf4 Nxe5 20. dxe5 Bxe5 21. Qf3 Bxf4 22. Qxf4 Qxf4 23. exf4 Rfd8 24. Be3 Rc4 25. Bc2 Kg7 26. Re1 h5 27. Kf2 Kf6 28. Bb3 Rc6 29. Bd4+ Ke7 30. h3 Rcd6 31. g4 hxg4 32. hxg4 Rg8 33. g5 Rd7 34. Bf6+ Kd6 35. Ba4 Rc7 36. Be5+ Kc5 37. Bxc7 Rh8 38. Kg3 Rc8 39. Be5 Rd8 40. Re3 Rd2 41. b4+ Kd5 42. Bb3+ Kc6 43. Kf3 Rd8 44. Ke4 b5 45. a4 a6 46. a5 Kb7 47. c4 bxc4 48. Bxc4 Rd1 49. Bd4 Rb1 50. Bc5 Rc1 51. Kd4 Rd1+ 52. Rd3 Rf1 53. Bd6 Rf2 54. Ke5 Rh2 55. Kf6 Rh7 56. Be5 Rh1 57. Rd7+ Kc6 58. Rc7# 1-0

[Event "4NCL Online Division 6"]
[Site "online"]
[Date "2021.02.23"]
[EventDate "2021.02.23"]
[Round "3.22"]
[White "Turner, Ben"]
[WhiteElo "1591"]
[WhiteTeam "MCS Oxford B"]
[Black "Tatam, Anthony"]
[BlackElo "1526"]
[BlackTeam "Plymouth 2"]
[Result "0-1"]
[PlyCount "32"]

1. d4 d5 2. c4 e6 3. Nc3 Nf6 4. Bg5 Be7 5. Nf3 O-O 6. Bxf6 Bxf6 7. e4 dxe4 8. Nxe4 Be7 9. g3 Nc6 10. d5 exd5 11. cxd5 Bb4+ 12. Nfd2 Qxd5 13. Bg2 Qb5 14. a3 Ba5 15. Qc2 Nd4 16. Qc1 Qe2# 0-1

[Event "4NCL Online Division 6"]
[Site "online"]
[Date "2021.02.23"]
[EventDate "2021.02.23"]
[Round "3.23"]
[White "Wright, Andrew D"]
[WhiteElo "1485"]
[WhiteTeam "Plymouth 2"]
[Black "Li, Reya"]
[BlackElo "1462"]
[BlackTeam "MCS Oxford B"]
[Result "0-1"]
[PlyCount "74"]

1. e4 d5 2. d4 dxe4 3. f3 exf3 4. Nxf3 Nf6 5. Bc4 Bf5 6. O-O e6 7. c3 Bd6 8. Bg5 O-O 9. Nbd2 c5 10. Nh4 h6 11. Bxf6 Qxf6 12. Qh5 cxd4 13. Nxf5 dxc3 14. Nxd6 Qd4+ 15. Kh1 Qxd6 16. bxc3 Qxd2 17. Rxf7 Rxf7 18. Bxe6 Qf4 19. Rd1 Nc6 20. Qb5 Kh8 21. Bxf7 Qxf7 22. Rf1 Qe7 23. h3 Rd8 24. Qc4 Ne5 25. Qe4 Nc6 26. Qg6 Rd6 27. Qf5 Rd8 28. Qg6 Kg8 29. Qg4 Re8 30. Qc4+ Qe6 31. Qf4 Ne5 32. Qd2 Nc4 33. Qd4 Qe2 34. Rf7 Kxf7 35. Qd7+ Re7 36. Qf5+ Kg8 37. Qd5+ Qe6 0-1

[Event "4NCL Online Division 6"]
[Site "online"]
[Date "2021.02.23"]
[EventDate "2021.02.23"]
[Round "3.24"]
[White "Bridson, Ewan"]
[WhiteElo "1454"]
[WhiteTeam "MCS Oxford B"]
[Black "Peach, Clifford B"]
[BlackElo "1448"]
[BlackTeam "Plymouth 2"]
[Result "1/2-1/2"]
[PlyCount "135"]

1. e4 c6 2. d4 d5 3. e5 e6 4. Be3 a6 5. Nf3 Be7 6. a3 Nd7 7. Nc3 b5 8. Be2 c5 9. O-O cxd4 10. Bxd4 Bc5 11. Bxc5 Nxc5 12. Qd4 Nd7 13. Qf4 h6 14. Qg4 g6 15. a4 bxa4 16. Rxa4 Ne7 17. Rfa1 Nb6 18. Bb5+ Kf8 19. R4a3 Kg7 20. Bxa6 Bxa6 21. Rxa6 Rxa6 22. Rxa6 Qc7 23. h4 Rb8 24. Nd4 Qxe5 25. Ncb5 Qe1+ 26. Kh2 Qxf2 27. Ra7 Kf8 28. Nd6 Nbc8 29. Nxc8 Nxc8 30. Rc7 Ne7 31. b3 Qf6 32. Qg3 Qxd4 33. Rxe7 Kxe7 34. Qxb8 Kf6 35. Kg3 Qe5+ 36. Qxe5+ Kxe5 37. Kf3 Kd4 38. Ke2 Kc3 39. g3 g5 40. h5 g4 41. Ke3 f5 42. Kf4 Kxc2 43. b4 d4 44. b5 d3 45. b6 d2 46. b7 d1=Q 47. b8=Q Qd2+ 48. Ke5 Qe2+ 49. Kf6 Qe3 50. Qc7+ Kd2 51. Qa5+ Qc3+ 52. Qxc3+ Kxc3 53. Kxe6 f4 54. gxf4 g3 55. f5 g2 56. f6 g1=Q 57. f7 Qg4+ 58. Ke7 Qxh5 59. f8=Q Qe5+ 60. Kd7 Qd5+ 61. Kc7 Qc4+ 62. Kd7 Qd5+ 63. Qd6 Qxd6+ 64. Kxd6 h5 65. Ke5 h4 66. Kf4 h3 67. Kg3 Kd4 68. Kxh3 1/2-1/2

[Event "4NCL Online Division 6"]
[Site "online"]
[Date "2021.02.23"]
[EventDate "2021.02.23"]
[Round "3.31"]
[White "Gardiner, Harry"]
[WhiteElo "1651"]
[WhiteTeam "Crewe BOL"]
[Black "Cooney, Thomas"]
[BlackElo "1568"]
[BlackTeam "St Benildus D"]
[Result "1-0"]
[PlyCount "93"]

1. Nf3 e6 2. c4 f5 3. d4 Nf6 4. g3 g6 5. Bg2 Bg7 6. Nc3 O-O 7. O-O d6 8. Bg5 Qe8 9. Re1 Nc6 10. e4 e5 11. exf5 Bxf5 12. dxe5 dxe5 13. Nd5 Rc8 14. Bxf6 Bxf6 15. Nxf6+ Rxf6 16. Nxe5 Rd8 17. Bd5+ Be6 18. Nxc6 bxc6 19. Rxe6 Rxe6 20. Bxe6+ Kg7 21. Qe1 Kh6 22. Qe3+ g5 23. h4 Qg6 24. Bf7 Qf6 25. hxg5+ Qxg5 26. Qxg5+ Kxg5 27. Re1 Kf6 28. Bh5 Rd2 29. Re2 Rd4 30. b3 a5 31. Bf3 Rd6 32. Kg2 h6 33. Kh3 Kg5 34. Bg4 c5 35. Re5+ Kf6 36. Re6+ Rxe6 37. Bxe6 Kxe6 38. Kg4 Kf6 39. Kh5 Kg7 40. f4 c6 41. f5 Kf6 42. Kxh6 Kxf5 43. Kh5 Kf6 44. g4 Kf7 45. Kh6 Kg8 46. Kg6 Kf8 47. Kh7 1-0

[Event "4NCL Online Division 6"]
[Site "online"]
[Date "2021.02.23"]
[EventDate "2021.02.23"]
[Round "3.32"]
[White "Brady, Fearghal"]
[WhiteElo "1499"]
[WhiteTeam "St Benildus D"]
[Black "Michalek, Lukasz"]
[BlackElo "1599"]
[BlackTeam "Crewe BOL"]
[Result "0-1"]
[PlyCount "54"]

1. Nf3 f5 2. g3 d6 3. Bg2 Nf6 4. d4 e6 5. O-O Be7 6. c4 O-O 7. Nc3 Bd7 8. a3 c6 9. b4 Ne4 10. Qd3 d5 11. Ne5 Be8 12. Nxe4 fxe4 13. Qc2 Nd7 14. Bh3 Nxe5 15. Bxe6+ Bf7 16. cxd5 cxd5 17. Bf5 Nc4 18. f3 Qb6 19. e3 Bg5 20. Re1 exf3 21. Bxh7+ Kh8 22. Qf5 Be6 23. Qg6 f2+ 24. Kf1 Bh3+ 25. Ke2 Qb5 26. Qh5 Bg4+ 27. Qxg4 Nxe3+ 0-1

[Event "4NCL Online Division 6"]
[Site "online"]
[Date "2021.02.23"]
[EventDate "2021.02.23"]
[Round "3.33"]
[White "Nienaber, Kobus"]
[WhiteElo "1472"]
[WhiteTeam "Crewe BOL"]
[Black "Lievens, Karel"]
[BlackElo "1512"]
[BlackTeam "St Benildus D"]
[Result "1-0"]
[PlyCount "63"]

1. d4 d5 2. Nc3 Nf6 3. Bf4 e6 4. Nf3 Bd6 5. Ne5 Nbd7 6. e3 c5 7. Nb5 Bxe5 8. dxe5 Ng8 9. Nd6+ Kf8 10. Qh5 Qe7 11. Bb5 a6 12. Bxd7 Qxd7 13. Rd1 f6 14. c4 fxe5 15. Bxe5 Nf6 16. Qf3 Ke7 17. Qg3 Rg8 18. Bxf6+ Kxf6 19. cxd5 e5 20. Ne4+ Kf7 21. Qxe5 Re8 22. Nd6+ Kf8 23. Nxe8 Qxe8 24. Qxe8+ Kxe8 25. e4 b5 26. e5 Bb7 27. O-O Rd8 28. d6 Kd7 29. Rfe1 Re8 30. e6+ Rxe6 31. Rxe6 Kxe6 32. d7 1-0

[Event "4NCL Online Division 6"]
[Site "online"]
[Date "2021.02.23"]
[EventDate "2021.02.23"]
[Round "3.34"]
[White "Kashanin, Daniil"]
[WhiteElo "1384"]
[WhiteTeam "St Benildus D"]
[Black "Fields, Adam"]
[BlackElo "1468"]
[BlackTeam "Crewe BOL"]
[Result "1-0"]
[PlyCount "89"]

1. e4 e6 2. d4 d5 3. Nd2 c5 4. c3 cxd4 5. cxd4 dxe4 6. Nxe4 Nf6 7. Bb5+ Bd7 8. Nxf6+ Qxf6 9. Bxd7+ Nxd7 10. Nf3 Bd6 11. O-O O-O 12. b3 Nb6 13. Re1 Nd5 14. Bg5 Qg6 15. Bd2 Qh5 16. Re4 Rac8 17. Rh4 Qf5 18. Rc1 Ba3 19. Rc4 Qd3 20. Ne5 Qf5 21. g4 Qe4 22. f3 Ne3 23. Qe1 Qd5 24. Qxe3 f6 25. Rxc8 Rxc8 26. Qd3 fxe5 27. Qxh7+ Kf7 28. Rh6 Ke7 29. Qxg7+ Kd6 30. dxe5+ Qxe5 31. Qxe5+ Kxe5 32. f4+ Kd5 33. g5 Bc1 34. Bb4 Bxf4 35. Rh5 Rg8 36. h4 e5 37. Kf2 Ke4 38. Ke2 a6 39. Rh7 Bg3 40. Bd2 Rf8 41. Be3 Rf3 42. Bg1 Rc3 43. g6 Rc2+ 44. Kd1 Kd3 45. Rd7+ 1-0

[Event "4NCL Online Division 6"]
[Site "online"]
[Date "2021.02.23"]
[EventDate "2021.02.23"]
[Round "3.41"]
[White "Renshaw, Ian"]
[WhiteElo "1478"]
[WhiteTeam "Cornish Wreckers"]
[Black "Chatys, Tim"]
[BlackElo "1788"]
[BlackTeam "Ashton 1"]
[Result "0-1"]
[PlyCount "72"]

1. c4 Nf6 2. Nc3 d5 3. cxd5 Nxd5 4. g3 g6 5. Bg2 Nb6 6. Nf3 Bg7 7. O-O c5 8. d3 Nc6 9. Be3 c4 10. d4 e6 11. Qd2 Nd5 12. Bh6 O-O 13. Bxg7 Kxg7 14. e4 Nf6 15. e5 Nd5 16. Nxd5 exd5 17. Rfe1 Bf5 18. Nh4 Bd3 19. Bf3 Nxd4 20. Qc3 Ne6 21. b3 b5 22. Rad1 Rc8 23. Rxd3 cxd3 24. Qxd3 d4 25. Qxb5 d3 26. Rd1 d2 27. Qe2 Rc1 28. Kg2 Rxd1 29. Qxd1 Qd4 30. Be2 Ng5 31. f4 Ne4 32. Nf3 Qf2+ 33. Kh3 Qe3 34. Qa1 Nf2+ 35. Kh4 Qxe2 36. Nxd2 Qg4# 0-1

[Event "4NCL Online Division 6"]
[Site "online"]
[Date "2021.02.23"]
[EventDate "2021.02.23"]
[Round "3.42"]
[White "McBeath, Joel"]
[WhiteElo "1638"]
[WhiteTeam "Ashton 1"]
[Black "Doubleday, Peter"]
[BlackElo "1420"]
[BlackTeam "Cornish Wreckers"]
[Result "1-0"]
[PlyCount "103"]

1. e4 d6 2. d4 Nf6 3. Nc3 g6 4. Bc4 Bg7 5. Qe2 O-O 6. e5 dxe5 7. dxe5 Ne8 8. Bf4 e6 9. h4 Qd4 10. g3 Nc6 11. Nf3 Qc5 12. h5 Nd4 13. Nxd4 Qxd4 14. hxg6 hxg6 15. Bh6 Qxe5 16. Qxe5 Bxe5 17. Bxf8 Kxf8 18. Kd2 Nd6 19. Bd3 b6 20. Rhe1 Bd4 21. Nd1 Bb7 22. c3 Bf6 23. Ne3 Rd8 24. Ng4 Bg7 25. Kc2 c5 26. b3 Nf5 27. Be4 Bxe4+ 28. Rxe4 Ne7 29. Ne3 Nd5 30. Nxd5 Rxd5 31. Rae1 Rd7 32. R4e3 Bh6 33. Rd3 Ke7 34. Red1 Rxd3 35. Kxd3 Bg5 36. Kc4 a6 37. a4 Bf6 38. Rd3 Be5 39. a5 Bc7 40. axb6 Bxb6 41. Rd1 Ba5 42. Ra1 Bc7 43. Rxa6 Bd6 44. Rc6 Kd7 45. Rxc5 Bxc5 46. Kxc5 Kc7 47. b4 f5 48. f4 Kd7 49. b5 Kc7 50. b6+ Kb7 51. Kd6 Kxb6 52. Kxe6 1-0

[Event "4NCL Online Division 6"]
[Site "online"]
[Date "2021.02.23"]
[EventDate "2021.02.23"]
[Round "3.43"]
[White "Evdokimova, Maria"]
[WhiteElo "1369"]
[WhiteTeam "Cornish Wreckers"]
[Black "Newton, Ben"]
[BlackElo "1664"]
[BlackTeam "Ashton 1"]
[Result "1-0"]
[PlyCount "79"]

1. d4 e6 2. Nf3 d5 3. c4 Nf6 4. Bg5 Be7 5. Nc3 O-O 6. e3 c5 7. dxc5 Bxc5 8. Be2 h6 9. Bxf6 Qxf6 10. O-O Rd8 11. cxd5 exd5 12. Nxd5 Qf5 13. e4 Qxe4 14. Nf6+ gxf6 15. Qxd8+ Bf8 16. Qxc8 Qc6 17. Qg4+ Bg7 18. Rac1 Qd7 19. Qg3 Nc6 20. Bb5 Rc8 21. Rfd1 Qe6 22. Bc4 Qe8 23. Re1 Ne5 24. Nxe5 fxe5 25. Bxf7+ Kxf7 26. Qb3+ Kf8 27. Qxb7 Rxc1 28. Rxc1 Bf6 29. Rc8 Bd8 30. Qf3+ Qf7 31. Qxf7+ Kxf7 32. Rxd8 Ke7 33. Rh8 Kf6 34. Rxh6+ Kg7 35. Ra6 Kf7 36. Rxa7+ Kf6 37. Ra4 Kf5 38. f3 Kf6 39. b4 Kf5 40. b5 1-0

[Event "4NCL Online Division 6"]
[Site "online"]
[Date "2021.02.23"]
[EventDate "2021.02.23"]
[Round "3.44"]
[White "Acharya, Kandara"]
[WhiteElo "1654"]
[WhiteTeam "Ashton 1"]
[Black "Brown, Hugh"]
[BlackElo "1269"]
[BlackTeam "Cornish Wreckers"]
[Result "1-0"]
[PlyCount "69"]

1. e4 e5 2. Nf3 Nf6 3. Nc3 Nc6 4. d4 exd4 5. Nxd4 Bb4 6. Nxc6 bxc6 7. Bd3 O-O 8. O-O Bxc3 9. bxc3 d5 10. e5 Ne4 11. Bxe4 dxe4 12. Qe2 Bf5 13. Rd1 Qe7 14. Bf4 Qe6 15. h3 h6 16. Qa6 g5 17. Bh2 Bg6 18. Qb7 f5 19. Qxc7 f4 20. Qd6 Qxd6 21. Rxd6 Kg7 22. Rxc6 e3 23. fxe3 fxe3 24. Re1 Rf2 25. Rxe3 Rxc2 26. Rc7+ Kg8 27. Rf3 Rxa2 28. Bg3 Be4 29. Rf2 Ra1+ 30. Kh2 a5 31. e6 a4 32. Be5 a3 33. Rg7+ Kh8 34. Rxg5+ Kh7 35. Rf7# 1-0

[Event "4NCL Online Division 6"]
[Site "online"]
[Date "2021.02.23"]
[EventDate "2021.02.23"]
[Round "3.51"]
[White "Lampard, Alice"]
[WhiteElo "1962"]
[WhiteTeam "Wells Globetrotters"]
[Black "Supatan, Denzel"]
[BlackElo "1632"]
[BlackTeam "Ashton 2"]
[Result "1-0"]
[PlyCount "103"]

1. d4 e6 2. c4 d5 3. Nc3 Nf6 4. cxd5 exd5 5. Qc2 c5 6. Nf3 Nc6 7. e3 Bd6 8. Be2 O-O 9. O-O Qc7 10. Nb5 Qe7 11. Nxd6 Qxd6 12. Qxc5 Qxc5 13. dxc5 Bg4 14. a3 Rac8 15. b4 a6 16. Bb2 Ne4 17. Rfe1 Rfd8 18. Rad1 Ne7 19. Nd4 Be6 20. Bd3 Nf5 21. Nxe6 fxe6 22. Bxe4 dxe4 23. Kf1 Kf7 24. Ke2 Rd5 25. f3 exf3+ 26. gxf3 Rdd8 27. e4 Ne7 28. f4 Ng6 29. Ke3 Re8 30. Rd7+ Re7 31. Red1 Re8 32. a4 Kf8 33. b5 axb5 34. axb5 e5 35. f5 Nf4 36. c6 bxc6 37. bxc6 Rb8 38. Rxe7 Rb3+ 39. Kd2 Kxe7 40. Bxe5 Rd3+ 41. Kc2 Rxd1 42. Kxd1 Nd3 43. Bxg7 Nf2+ 44. Ke2 Nxe4 45. f6+ Kf7 46. c7 Nd6 47. Kd3 Ke8 48. Kd4 Kd7 49. Kd5 Nf7 50. c8=Q+ Kxc8 51. Ke6 Ng5+ 52. Ke7 1-0

[Event "4NCL Online Division 6"]
[Site "online"]
[Date "2021.02.23"]
[EventDate "2021.02.23"]
[Round "3.52"]
[White "Shaughnessy, Phillip"]
[WhiteElo "1484"]
[WhiteTeam "Ashton 2"]
[Black "Strong, Chris M"]
[BlackElo "1776"]
[BlackTeam "Wells Globetrotters"]
[Result "0-1"]
[PlyCount "128"]

1. b4 Nf6 2. a3 g6 3. Bb2 Bg7 4. e3 d5 5. Nf3 O-O 6. c4 c6 7. d4 Nbd7 8. Nc3 Qc7 9. Rc1 Qb8 10. b5 Nb6 11. c5 Nc4 12. Bxc4 dxc4 13. O-O Nd5 14. Qa4 e6 15. Qxc4 a6 16. a4 Bd7 17. bxc6 Bxc6 18. Nxd5 Bxd5 19. Qe2 Qe8 20. e4 Bc6 21. Qd2 Bxe4 22. Rfe1 Bd5 23. Qb4 Qc6 24. Rc3 Rab8 25. Bc1 Rbc8 26. Bf4 f6 27. a5 Rfe8 28. Qb6 Qa4 29. Rcc1 e5 30. dxe5 Qxf4 31. exf6 Rxe1+ 32. Rxe1 Qxf6 33. Qxf6 Bxf6 34. Rc1 Be7 35. Rd1 Bxf3 36. gxf3 Rxc5 37. Rd7 Kf8 38. Rxb7 Rxa5 39. Rb8+ Kf7 40. Rb7 Ra3 41. Kg2 a5 42. Kg3 a4 43. Ra7 Ra1 44. Kg2 a3 45. h4 Rb1 46. Kh2 Rb2 47. Kg2 Ke6 48. Ra6+ Bd6 49. f4 Kd5 50. Ra5+ Bc5 51. h5 Rxf2+ 52. Kg3 Rf1 53. hxg6 hxg6 54. Kg4 Rg1+ 55. Kf3 Kc4 56. Ke4 Re1+ 57. Kf3 Rg1 58. Ke2 Rg2+ 59. Kd1 a2 60. Ra4+ Kd3 61. Kc1 Bd4 62. Ra3+ Bc3 63. Rxc3+ Kxc3 64. Kd1 a1=Q# 0-1

[Event "4NCL Online Division 6"]
[Site "online"]
[Date "2021.02.23"]
[EventDate "2021.02.23"]
[Round "3.53"]
[White "Johnson, RN Phil"]
[WhiteElo "1628"]
[WhiteTeam "Wells Globetrotters"]
[Black "Mundy, Jack"]
[BlackElo "1496"]
[BlackTeam "Ashton 2"]
[Result "0-1"]
[PlyCount "86"]

1. d4 d6 2. Nf3 Nf6 3. Bg5 g6 4. e3 Bg7 5. Nbd2 Bg4 6. c3 e5 7. Qb3 Nbd7 8. dxe5 dxe5 9. Qxb7 Rb8 10. Qc6 Rb6 11. Qa4 Rxb2 12. Nxe5 O-O 13. Nxg4 Rxd2 14. e4 Nxe4 15. Bxd8 Bxc3 16. Qxe4 Rd4+ 17. Ke2 Rxe4+ 18. Kf3 Bxa1 19. Kxe4 Rxd8 20. Ne3 Nf6+ 21. Kf3 Bd4 22. Nc2 Bb6 23. Bc4 Rd2 24. Ne3 Nd7 25. Rd1 Rxd1 26. Nxd1 Ne5+ 27. Kg3 Nxc4 28. Nc3 c6 29. h4 Kg7 30. f3 h5 31. Kf4 f5 32. g4 Bc7+ 33. Kg5 Bd8+ 34. Kf4 Bxh4 35. gxf5 g5+ 36. Ke4 Kf6 37. Kd4 Nd6 38. Kc5 Nxf5 39. Kxc6 Ke5 40. a4 Bf2 41. Nb5 Nd4+ 42. Kb7 Nxb5 43. axb5 Bb6 0-1

[Event "4NCL Online Division 6"]
[Site "online"]
[Date "2021.02.23"]
[EventDate "2021.02.23"]
[Round "3.54"]
[White "Rogers, Max"]
[WhiteElo "1549"]
[WhiteTeam "Ashton 2"]
[Black "Austin, Antony"]
[BlackElo "1340"]
[BlackTeam "Wells Globetrotters"]
[Result "0-1"]
[PlyCount "54"]

1. e4 c5 2. Nf3 Nc6 3. Bc4 e6 4. Nc3 Nf6 5. d3 a6 6. a3 d5 7. Ba2 Be7 8. O-O O-O 9. Bf4 b5 10. Rb1 d4 11. Ne2 Nh5 12. Bd2 e5 13. c3 Bg4 14. Ng3 Nf4 15. Bxf4 exf4 16. Nf5 Bf6 17. cxd4 cxd4 18. h3 Bxf3 19. Qxf3 Ne5 20. Qe2 f3 21. gxf3 Ng6 22. Qd2 Bg5 23. Qb4 Nf4 24. h4 Bxh4 25. Nxh4 Qxh4 26. Qc5 Qh3 27. Qg5 Ne2# 0-1

[Event "4NCL Online Division 6"]
[Site "online"]
[Date "2021.02.23"]
[EventDate "2021.02.23"]
[Round "3.61"]
[White "Wilson, Matthew R"]
[WhiteElo "1891"]
[WhiteTeam "Wolfpack 1"]
[Black "Holliday, John K"]
[BlackElo "1649"]
[BlackTeam "Bradford DCA Knights C"]
[Result "1-0"]
[PlyCount "59"]

1. e4 d5 2. exd5 Nf6 3. Bb5+ Bd7 4. Be2 c6 5. dxc6 Nxc6 6. d4 e6 7. Nf3 Bd6 8. O-O O-O 9. c4 Qc7 10. Nc3 a6 11. Bg5 Ng4 12. h3 Nh6 13. c5 Bf4 14. d5 Bxg5 15. dxc6 Bxc6 16. Nxg5 Rad8 17. Qc2 g6 18. Nge4 Qe5 19. Nd6 Qxc5 20. Nde4 Bxe4 21. Qxe4 b5 22. Rad1 Nf5 23. Rxd8 Rxd8 24. Qf3 Nd4 25. Qf6 Nxe2+ 26. Nxe2 Rd2 27. Ng3 Qb4 28. Rc1 Qf8 29. Ne4 Rd5 30. Qc3 1-0

[Event "4NCL Online Division 6"]
[Site "online"]
[Date "2021.02.23"]
[EventDate "2021.02.23"]
[Round "3.62"]
[White "Redmond, Nigel"]
[WhiteElo "1600"]
[WhiteTeam "Bradford DCA Knights C"]
[Black "Collett, Ray A"]
[BlackElo "1884"]
[BlackTeam "Wolfpack 1"]
[Result "1/2-1/2"]
[PlyCount "91"]

1. e4 d5 2. exd5 Qxd5 3. Nc3 Qa5 4. d4 Nf6 5. Nf3 c6 6. Bc4 Bf5 7. Bd2 e6 8. Qe2 Qc7 9. O-O-O Nbd7 10. Ne5 Nb6 11. Bd3 Bxd3 12. Qxd3 O-O-O 13. f4 Bd6 14. Qe2 h5 15. g3 Nfd5 16. Rhf1 Nxc3 17. Bxc3 Nd5 18. Be1 g6 19. c4 Nf6 20. Kb1 Bf8 21. Qc2 Ng4 22. Nxg4 hxg4 23. Qe2 Bd6 24. Rh1 Qe7 25. Qxg4 Bb4 26. Qe2 Bxe1 27. Qxe1 Qf6 28. Qe4 Qf5 29. Qxf5 gxf5 30. h4 Rdg8 31. Rhg1 Kc7 32. Kc2 Kd6 33. Kc3 Rg4 34. Kb4 Rhg8 35. Rh1 Rxg3 36. h5 Rh8 37. Rh4 Rg4 38. Rxg4 fxg4 39. Rh1 Rh6 40. Kc3 f5 41. b4 a6 42. a4 Kd7 43. Kd3 Kd6 44. Kc3 Kd7 45. Kd3 Kd6 46. Kc3 1/2-1/2

[Event "4NCL Online Division 6"]
[Site "online"]
[Date "2021.02.23"]
[EventDate "2021.02.23"]
[Round "3.63"]
[White "Bloom, Paul"]
[WhiteElo "1700"]
[WhiteTeam "Wolfpack 1"]
[Black "Gallagher, Dominic"]
[BlackElo "1590"]
[BlackTeam "Bradford DCA Knights C"]
[Result "0-1"]
[PlyCount "94"]

1. e4 e5 2. Nf3 Nc6 3. Bb5 a6 4. Ba4 Nf6 5. O-O Be7 6. Re1 b5 7. Bb3 d6 8. a4 Bb7 9. c3 O-O 10. d3 Na5 11. Bc2 c5 12. Bd2 Nc6 13. Na3 b4 14. Nc4 a5 15. Bb3 h6 16. Ne3 Rb8 17. Nf5 Kh7 18. h3 Bc8 19. Nxe7 Qxe7 20. Rc1 Be6 21. Bxe6 fxe6 22. d4 cxd4 23. cxd4 Nxd4 24. Rc4 Nxf3+ 25. Qxf3 Nd7 26. Qd1 Nc5 27. Be3 Rbc8 28. Bxc5 Rxc5 29. Rxc5 dxc5 30. Qc2 Rc8 31. Qc4 Qd7 32. Re2 Qd1+ 33. Kh2 Qxa4 34. Qxe6 Qe8 35. Qa6 a4 36. Rc2 Qc6 37. Qc4 Qd6 38. Qe2 Qd4 39. Rc4 Qd6 40. Qg4 Rd8 41. Qf5+ Kh8 42. g4 Rf8 43. Qh5 Rxf2+ 44. Kg3 Rxb2 45. Qf7 Qf6 46. Qe8+ Kh7 47. g5 Qf4# 0-1